000 00243nam a2200097Ia 4500
005 20251222154407.0
008 251222s9999||||xx |||||||||||||| ||spa||
082 _a860/A62A/1969
245 0 _aLazarillo de Tormes - El diablo cojuelo
942 _cLIB
999 _c35504
_d35504